01642nab a2200409 a 450000100060000000300080000600500170001400600190003100700150005000800410006502200280010603500210013404000260015505000260018108000160020722200420022324502380026526000640050330000170056736200450058453301640062954600560079365000160084965000140086565000270087965000250090665000240093165000120095565000220096765000250098965500320101470000450104671000190109174000430111085600620115399900170121546215FlNmELB20241216231749.0m o d | cr cn|||||||||130704s2003 sp s 000 0 spa d a1135-5727z1135572-7134 a(OCoLC)955377706 aFlNmELBbspacFlNmELB 4aRA645.C3bE921 2003eb a614:616-006 0aRevista Española de Salud Pública00aEvaluación de la implementación del programa FAPACÁN para prevenir el riesgo conductual de cáncer en usuarios de atención primaria del norte de Españah[recurso electronico]cMaría Luisa López González, ...[et al.]. aMadrid :bRed Revista Española de Salud Pública,c2003. a[681]-690 p.0 aVol. 77, Núm. 6 (Noviembre-Dic. 2003)- aRecurso electrónico. Santa Fe, Arg.: e-libro, 2015. Disponible vía World Wide Web. El acceso puede estar limitado para las bibliotecas afiliadas a e-libro. aArtículos en castellano; resúmenes en inglés. 4aNeoplasmas. 4aCáncer. 4aEducación sanitaria. 4aAtención médica. 0aCancerxPrevention. 0aCancer. 0aHealth education. 0aPrimary health care. 4aArtículos electrónicos.1 aLópez González, María Luisa,eaut.2 ae-libro, Corp.02aRevista Española de Salud Pública.40uhttps://elibro.net/ereader/politecnicointernacional/15405 c46215d46215